Biggest Cities Starting With W - Statistics

General Stats
  • This quiz has been taken 14,165 times
    6,995 since last reset
  • The average score is 3 of 9
Answer Stats
Country Population City % Correct
Poland 2.59 mil Warsaw
98%
United States 8.55 mil Washington D.C.
94%
China 12.2 mil Wuhan
90%
China 5.19 mil Wenzhou
27%
China 3.18 mil Weifang
12%
China 1.79 mil Wuhu
9%
China 1.16 mil Wanzhou
8%
China 1.47 mil Weihai
6%
India 1.08 mil Warangal
5%
No matching quizzes found
Score Distribution
Percent of People with Each Score
Percentile by Number Answered
Your Score History
You have not taken this quiz since the last reset